Urban open spaces /

Bibliographic Details
Corporate Author: Cooper-Hewitt Museum
Other Authors: Taylor, Lisa, 1933-1991
Format: Book
Language:English
Published: New York : Rizzoli, 1981.
Edition:Rev. ed.
Subjects:

MARC

Tag First Indicator Second Indicator Subfields
LEADER 00000cam a2200000 a 4500
001 in00000072693
005 20160106094728.0
008 810910s1981 nyua b 00000 eng
010 |a  81065547  
020 |a 084780304X (pbk.) 
035 |a (OCoLC)07836396 
035 |9 AAJ1113AM 
039 0 |a 2  |b 3  |c 3  |d 3  |e 3 
040 |a DLC  |c DLC  |d TXA  |d UtOrBLW 
043 |a n-us--- 
049 |a TXAM  |c [932913] 
050 0 0 |a HT167  |b .U727 1981 
082 0 |a 307.7/6/0973  |2 19 
245 0 0 |a Urban open spaces /  |c Cooper-Hewitt Museum. 
250 |a Rev. ed. 
264 1 |a New York :  |b Rizzoli,  |c 1981. 
300 |a 128 pages :  |b illustrations ;  |c 23 x 29 cm. 
336 |a text  |b txt  |2 rdacontent 
337 |a unmediated  |b n  |2 rdamedia 
338 |a volume  |b nc  |2 rdacarrier 
500 |a Editor, Lisa Taylor. 
504 |a Bibliography: pages 127-128. 
650 0 |a City planning  |z United States. 
650 0 |a Open spaces  |z United States. 
700 1 |a Taylor, Lisa,  |d 1933-1991. 
710 2 |a Cooper-Hewitt Museum. 
999 |a MARS 
999 f f |s f19e5c47-6538-3b93-901d-0d11708874cb  |i efc360a8-0c8e-3b9c-8f53-c78eca4f991d  |t 0 
952 f f |p ric  |a Texas A&M University  |b Rellis Campus  |c Joint Library Facility  |d Remote Storage  |t 0  |e HT167 .U727 1981  |h Library of Congress classification  |i unmediated -- volume  |m A14806144574 
998 f f |a HT167 .U727 1981  |t 0  |l Remote Storage